Welcome to CU Library Online Public Access Catalogue (OPAC)

Broadribb's Introductory Pediatric Nursing/ (Record no. 4182)

MARC details
000 -LEADER
fixed length control field 00481nam a22001577a 4500
005 - DATE AND TIME OF LATEST TRANSACTION
control field 20250223120849.0
008 - FIXED-LENGTH DATA ELEMENTS--GENERAL INFORMATION
fixed length control field 250223b |||||||| |||| 00| 0 eng d
020 ## - INTERNATIONAL STANDARD BOOK NUMBER
International Standard Book Number 9780781737784
050 ## - LIBRARY OF CONGRESS CALL NUMBER
Classification number RJ245
Item number .B764
100 ## - MAIN ENTRY--PERSONAL NAME
Personal name Hatfield, Nancy T.
245 ## - TITLE STATEMENT
Title Broadribb's Introductory Pediatric Nursing/
Statement of responsibility, etc. Nancy T. Hatfield
250 ## - EDITION STATEMENT
Edition statement 6th ed.
260 ## - PUBLICATION, DISTRIBUTION, ETC.
Place of publication, distribution, etc. Philadelphia
Name of publisher, distributor, etc. Lippincott Williams & Wilkins
Date of publication, distribution, etc. 2003
300 ## - PHYSICAL DESCRIPTION
Extent xxi. 554p.
Other physical details ill. color
Dimensions 27.5cm
942 ## - ADDED ENTRY ELEMENTS (KOHA)
Source of classification or shelving scheme Library of Congress Classification
Koha item type Books
Edition 6th ed.
Suppress in OPAC No
999 ## -
-- 4182
-- 4182
Holdings
Withdrawn status Lost status Source of classification or shelving scheme Damaged status Not for loan Collection Home library Current library Shelving location Date acquired Total checkouts Full call number Barcode Date last seen Copy number Price effective from Koha item type
    Library of Congress Classification     Non-fiction Science Library (Miotso) Science Library (Miotso) General stacks 02/23/2025   RJ245 .B764 HAT SLM00003781 02/23/2025 1 02/23/2025 Books
    Library of Congress Classification     Non-fiction Science Library (Miotso) Science Library (Miotso) General stacks 02/23/2025   RJ245 .B764 HAT SLM00003803 02/23/2025 2 02/23/2025 Books
    Library of Congress Classification     Non-fiction Science Library (Miotso) Science Library (Miotso) General stacks 02/23/2025   RJ245 .B764 HAT SLM00003804 02/23/2025 3 02/23/2025 Books
    Library of Congress Classification     Non-fiction Science Library (Miotso) Science Library (Miotso) General stacks 02/23/2025   RJ245 .B764 HAT SLM00003805 02/23/2025 4 02/23/2025 Books
    Library of Congress Classification     Non-fiction Science Library (Miotso) Science Library (Miotso) General stacks 02/23/2025   RJ245 .B764 HAT SLM00003806 02/23/2025 5 02/23/2025 Books
    Library of Congress Classification     Non-fiction Science Library (Miotso) Science Library (Miotso) General stacks 02/23/2025   RJ245 .B764 HAT SLM00003807 02/23/2025 6 02/23/2025 Books
    Library of Congress Classification     Non-fiction Science Library (Miotso) Science Library (Miotso) General stacks 02/23/2025   RJ245 .B764 HAT SLM00003808 02/23/2025 7 02/23/2025 Books
© 2023-2024 Copyright: Central University Libraries. All Rights Reserved | Created by: Mahone Tech Office